00714nab a2200217uuc450000100070000000500170000700800410002403500110006503500210007604000130009704100080011010000470011824500490016565000320021465000510024665000320029765000390032977300990036894200100046799900190047799578820240201204222.0061003e20060401 spa  a995788 a(OCoLC)820364711 ccomduadb aspa10aCruz Zamorano, Alma Rosa4auteaut934681010aFrancia : desempleo, inmigracion y violencia aDesempleo - Francia9122765 aFrancia - Emigración e inmigración9157870 aViolencia - Francia9154918 aViolencia urbana - Francia91552720 tComercio Exterior (México)gVol. 56, No. 04, Abr. 2006, p. 350-358w193273x0185-0601084131 cARIMP c397875d397875